000 01497cam a22003371a 4500
001 gs 57000196
003 DLC
005 20260227111405.0
008 800822s1957 dcuab b f001 0 eng
010 _ags 57000196
035 _a(OCoLC)6646323
040 _aDLC
_cInES
_dDNAL
_dDLC
042 _apremarc
050 0 0 _aTC801
_b.U2 no. 1411
070 0 _a407
_bG29W no.1411
072 0 _aP200
100 1 _aWalker, Eugene H.
_q(Eugene Hoffman),
_d1915-
245 1 4 _aThe deep channel and alluvial deposits of the Ohio Valley in Kentucky /
_cby Eugene H. Walker ; prepared in cooperation with the Agriculture and Industrial Development Board of Kentucky.
260 _aWashington, D.C. :
_bU.S. G.P.O.,
_c1957.
300 _aiii, 25 p. :
_bill., maps ;
_c23 cm.
440 0 _aGeological Survey water-supply paper ;
_v1411
500 _aSeven folded leaves in pocket.
500 _a"A compilation of information on the deposits that form one of the most productive aquifers in Kentucky."
500 _ano. 1410-1413 Supplemented by : 15 folded maps and plates in portfolio.
501 _aTC801 .U2 no. 1411 with : Geology and ground-water resources of the lower Lodgepole Creek drainage basin, Nebraska / Louis J. Bjorklund. Washington : U. S. Govt. Print. Off., 1957. Bound together subsequent to publication.
_5DLC
504 _aBibliography: p. 24.
500 _aIncludes index.
650 0 _aGeology
_zKentucky.
650 0 _aAlluvium.
650 0 _aSedimentation and deposition.
999 _c29163
_d29163